| 000 | 00874nam a2200253 i 4500 | ||
|---|---|---|---|
| 001 | 80818 | ||
| 003 | ES-MaACL | ||
| 005 | 20250315062549.0 | ||
| 007 | t| | ||
| 008 | 041029s1984 sp ||||1| spa d | ||
| 020 | _a84-321-2248-3 | ||
| 080 | _a821.111-14"18" | ||
| 100 | 1 |
_aHopkins, Gerard Manley. _964168 |
|
| 245 | 1 | 3 |
_aEl naufragio del Deutschland y otros poemas / _cGerard Manley Hopkins ; prólogo y traducción de Emilio del Río ; más cinco poemas en versión de Ángel Martínez Baigorri. |
| 250 | _aEd. bilingüe. | ||
| 260 |
_aMadrid : _bRialp, _c[1984] |
||
| 300 |
_a100 p. ; _c18 cm. |
||
| 490 | 1 |
_aAdonais ; _v417-418 |
|
| 700 | 0 |
_aRío, Emilio del, _d1928-2022 _997300 |
|
| 700 | 0 |
_aMartínez Baigorri, Ángel, _d1899-1971 _977879 |
|
| 830 | 1 | 0 |
_aAdonáis _v417-418 _9173743 |
| 852 | 4 |
_aES-MaACL _jJ-23-417-418 |
|
| 999 |
_c80818 _d80818 |
||